| 000 | 00635nam a2200193Ia 4500 | ||
|---|---|---|---|
| 003 | 0100 | ||
| 005 | 20150121175230.0 | ||
| 008 | 130303s9999 xx 000 0 und d | ||
| 040 | _cARRUPELIB | ||
| 050 | _aTD180.C671997 | ||
| 100 |
_aColborn, Theo _914558 |
||
| 245 |
_aOur Stolen Future _bAre we Threatening our Fertility, Intelligence and Survival?-A Scientific detect |
||
| 260 |
_aLondon _bAbacus _c1997 |
||
| 300 | _a306p | ||
| 650 |
_bL?vinas, Emmanuel-Contributions in philosophy of language and languages _914559 |
||
| 700 |
_aDumanoski, Dianne _914560 |
||
| 700 |
_aMyers, John Peterson _914561 |
||
| 942 | 0 | 0 |
_01 _2lcc _cMONOGRAPH |
| 999 |
_c17832 _d17832 |
||